00819nam a22002297a 450000500170000001000170001702000250003403500170005903700250007608200110010110000270011224501660013926000350030527000680034030000290040849000520043750000200048970000250050970000190053470000180055370000180057120111212124153.0 aB-482972-976 a9788179931677c75.00 aB-482972-976 bBlueberry Books/Ven  a677.31 aAgarwal, Tanya Luther  aA amazing journey of a woollen mittens /cby Tanya Luther Agarwal; edited by Madhu Singh Sirohi; illustrated by Yatindra Kumar, Vijay Nipane [and] Neeraj Ridlan aNew Delhi bTERI Press c2008 aDrbari Seth Block, IHC Complex, Lodhi Road,bNew Delhi e110003 a16p. bill. c24cm(pbk)  aFrom nature to your home; edited by Pallavi Sah aIncludes index  aSirohi, Madhu Singh  aYatindra Kumar aRidlan Neeraj aNipane, Vijay